Time for dying/ (Record no. 909)

MARC details
000 -LEADER
fixed length control field 00310nam a2200145 a 4500
005 - DATE AND TIME OF LATEST TRANSACTION
control field 20260322212039.0
008 - FIXED-LENGTH DATA ELEMENTS--GENERAL INFORMATION
fixed length control field data
090 ## - LOCALLY ASSIGNED LC-TYPE CALL NUMBER (OCLC); LOCAL CALL NUMBER (RLIN)
Classification number (OCLC) (R) ; Classification number, CALL (RLIN) (NR) BD 444 G462t 1967
001 - CONTROL NUMBER
control field data
100 1# - MAIN ENTRY--PERSONAL NAME
Personal name Glaser, Barney G.
245 10 - TITLE STATEMENT
Title Time for dying/
Statement of responsibility, etc. Barney G. Glaser.
260 ## - PUBLICATION, DISTRIBUTION, ETC.
Name of publisher, distributor, etc. Aldine
Date of publication, distribution, etc. p1967
300 ## - PHYSICAL DESCRIPTION
Extent 269 p.
650 #4 - SUBJECT ADDED ENTRY--TOPICAL TERM
Topical term or geographic name entry element Dealth.
Holdings
Withdrawn status Lost status Damaged status Not for loan Home library Current library Shelving location Date acquired Total checkouts Full call number Barcode Date last seen Price effective from Koha item type
        Franklin Franklin General stacks 22/03/2026   GEN BC0010937 22/03/2026 22/03/2026 Books